<?xml version="1.0" encoding="UTF-8"?>
<collection xmlns="http://www.loc.gov/MARC21/slim">
 <record>
  <leader>08743nas a22008051  4500</leader>
  <controlfield tag="001">1/50317</controlfield>
  <controlfield tag="008">020717c19  9999gr bnzp       0   g0gre d</controlfield>
  <datafield tag="035" ind1=" " ind2=" ">
   <subfield code="l">23933</subfield>
  </datafield>
  <datafield tag="040" ind1=" " ind2=" ">
   <subfield code="a">GR-PeUP</subfield>
  </datafield>
  <datafield tag="090" ind1=" " ind2=" ">
   <subfield code="a">Αλφαβητική σειρά</subfield>
  </datafield>
  <datafield tag="245" ind1="0" ind2="0">
   <subfield code="a">Πειραιάς :</subfield>
   <subfield code="b">περιοδικό του Εμπορικού και Βιομηχανικού Επιμελητηρίου Πειραιώς</subfield>
  </datafield>
  <datafield tag="246" ind1="1" ind2="2">
   <subfield code="a">Περιοδικό Εμπορικού και Βιομηχανικού Επιμελητηρίου Πειραιώς</subfield>
  </datafield>
  <datafield tag="260" ind1=" " ind2=" ">
   <subfield code="a">Πειραιάς :</subfield>
   <subfield code="b">Εμπορικό και Βιομηχανικό Επιμελητήριο Πειραιά,</subfield>
   <subfield code="c">[19--]-</subfield>
  </datafield>
  <datafield tag="300" ind1=" " ind2=" ">
   <subfield code="a">τ. ;</subfield>
   <subfield code="c">28 εκ.</subfield>
  </datafield>
  <datafield tag="310" ind1=" " ind2=" ">
   <subfield code="a">Διμηνιαίο</subfield>
  </datafield>
  <datafield tag="546" ind1=" " ind2=" ">
   <subfield code="a">Ελληνική</subfield>
  </datafield>
  <datafield tag="650" ind1=" " ind2="4">
   <subfield code="a">Οικονομική</subfield>
   <subfield code="v">Περιοδικά.</subfield>
  </datafield>
  <datafield tag="650" ind1=" " ind2="4">
   <subfield code="a">Βιομηχανία</subfield>
   <subfield code="v">Περιοδικά.</subfield>
  </datafield>
  <datafield tag="710" ind1="2" ind2=" ">
   <subfield code="a">Εμπορικό και Βιομηχανικό Επιμελητήριο Πειραιά.</subfield>
  </datafield>
  <datafield tag="852" ind1=" " ind2=" ">
   <subfield code="a">INST</subfield>
   <subfield code="b">UNIPILB</subfield>
   <subfield code="c">SERIALS</subfield>
   <subfield code="e">20050113</subfield>
   <subfield code="h">Αλφαβητική σειρά</subfield>
   <subfield code="p">38820</subfield>
   <subfield code="q">38820</subfield>
   <subfield code="t">NOLOAN</subfield>
   <subfield code="v">τεύχ.495:(Μήνες)Ιαν./Φεβ.;(Έτος)2004</subfield>
   <subfield code="y">23</subfield>
  </datafield>
  <datafield tag="852" ind1=" " ind2=" ">
   <subfield code="a">INST</subfield>
   <subfield code="b">UNIPILB</subfield>
   <subfield code="c">SERIALS</subfield>
   <subfield code="e">20050113</subfield>
   <subfield code="h">Αλφαβητική σειρά</subfield>
   <subfield code="p">38821</subfield>
   <subfield code="q">38821</subfield>
   <subfield code="t">NOLOAN</subfield>
   <subfield code="v">τεύχ.496:(Μήνες)Μάρ./Απρ.;(Έτος)2004</subfield>
   <subfield code="y">23</subfield>
  </datafield>
  <datafield tag="852" ind1=" " ind2=" ">
   <subfield code="a">INST</subfield>
   <subfield code="b">UNIPILB</subfield>
   <subfield code="c">SERIALS</subfield>
   <subfield code="e">20050113</subfield>
   <subfield code="h">Αλφαβητική σειρά</subfield>
   <subfield code="p">38822</subfield>
   <subfield code="q">38822</subfield>
   <subfield code="t">NOLOAN</subfield>
   <subfield code="v">τεύχ.497:(Μήνες)Μάιος/Ιούν.;(Έτος)2004</subfield>
   <subfield code="y">23</subfield>
  </datafield>
  <datafield tag="852" ind1=" " ind2=" ">
   <subfield code="a">INST</subfield>
   <subfield code="b">UNIPILB</subfield>
   <subfield code="c">SERIALS</subfield>
   <subfield code="e">20050113</subfield>
   <subfield code="h">Αλφαβητική σειρά</subfield>
   <subfield code="p">38823</subfield>
   <subfield code="q">38823</subfield>
   <subfield code="t">NOLOAN</subfield>
   <subfield code="v">τεύχ.498:(Μήνες)Ιούλ./Αύγ.;(Έτος)2004</subfield>
   <subfield code="y">23</subfield>
  </datafield>
  <datafield tag="852" ind1=" " ind2=" ">
   <subfield code="a">INST</subfield>
   <subfield code="b">UNIPILB</subfield>
   <subfield code="c">SERIALS</subfield>
   <subfield code="e">20050113</subfield>
   <subfield code="h">Αλφαβητική σειρά</subfield>
   <subfield code="p">38824</subfield>
   <subfield code="q">38824</subfield>
   <subfield code="t">NOLOAN</subfield>
   <subfield code="v">τεύχ.499:(Μήνες)Σεπ./Οκτ.;(Έτος)2004</subfield>
   <subfield code="y">23</subfield>
  </datafield>
  <datafield tag="852" ind1=" " ind2=" ">
   <subfield code="a">INST</subfield>
   <subfield code="b">UNIPILB</subfield>
   <subfield code="c">SERIALS</subfield>
   <subfield code="e">20050215</subfield>
   <subfield code="h">Αλφαβητική σειρά</subfield>
   <subfield code="p">40040</subfield>
   <subfield code="q">40040</subfield>
   <subfield code="t">NOLOAN</subfield>
   <subfield code="v">τεύχ.500:(Μήνες)Νοέμ./Δεκ.;(Έτος)2004</subfield>
   <subfield code="y">23</subfield>
  </datafield>
  <datafield tag="852" ind1=" " ind2=" ">
   <subfield code="a">INST</subfield>
   <subfield code="b">UNIPILB</subfield>
   <subfield code="c">SERIALS</subfield>
   <subfield code="e">20050427</subfield>
   <subfield code="h">Αλφαβητική σειρά</subfield>
   <subfield code="p">42837</subfield>
   <subfield code="q">42837</subfield>
   <subfield code="t">NOLOAN</subfield>
   <subfield code="v">τεύχ.501:(Μήνες)Ιαν./Φεβ.;(Έτος)2005</subfield>
   <subfield code="y">23</subfield>
  </datafield>
  <datafield tag="852" ind1=" " ind2=" ">
   <subfield code="a">INST</subfield>
   <subfield code="b">UNIPILB</subfield>
   <subfield code="c">SERIALS</subfield>
   <subfield code="e">20050617</subfield>
   <subfield code="h">Αλφαβητική σειρά</subfield>
   <subfield code="p">44032</subfield>
   <subfield code="q">44032</subfield>
   <subfield code="t">NOLOAN</subfield>
   <subfield code="v">τεύχ.502:(Μήνες)Μάρ./Απρ.;(Έτος)2005</subfield>
   <subfield code="y">23</subfield>
  </datafield>
  <datafield tag="852" ind1=" " ind2=" ">
   <subfield code="a">INST</subfield>
   <subfield code="b">UNIPILB</subfield>
   <subfield code="c">SERIALS</subfield>
   <subfield code="e">20050826</subfield>
   <subfield code="h">Αλφαβητική σειρά</subfield>
   <subfield code="p">45609</subfield>
   <subfield code="q">45609</subfield>
   <subfield code="t">NOLOAN</subfield>
   <subfield code="v">τεύχ.503:(Μήνες)Μάιος/Ιούν.;(Έτος)2005</subfield>
   <subfield code="y">23</subfield>
  </datafield>
  <datafield tag="852" ind1=" " ind2=" ">
   <subfield code="a">INST</subfield>
   <subfield code="b">UNIPILB</subfield>
   <subfield code="c">SERIALS</subfield>
   <subfield code="e">20051026</subfield>
   <subfield code="h">Αλφαβητική σειρά</subfield>
   <subfield code="p">47967</subfield>
   <subfield code="q">47967</subfield>
   <subfield code="t">NOLOAN</subfield>
   <subfield code="v">τεύχ.504:(Μήνες)Ιούλ./Αύγ.;(Έτος)2005</subfield>
   <subfield code="y">23</subfield>
  </datafield>
  <datafield tag="852" ind1=" " ind2=" ">
   <subfield code="a">INST</subfield>
   <subfield code="b">UNIPILB</subfield>
   <subfield code="c">SERIALS</subfield>
   <subfield code="e">20051219</subfield>
   <subfield code="h">Αλφαβητική σειρά</subfield>
   <subfield code="p">49225</subfield>
   <subfield code="q">49225</subfield>
   <subfield code="t">NOLOAN</subfield>
   <subfield code="v">τεύχ.505:(Μήνες)Σεπ./Οκτ.;(Έτος)2005</subfield>
   <subfield code="y">23</subfield>
  </datafield>
  <datafield tag="852" ind1=" " ind2=" ">
   <subfield code="a">INST</subfield>
   <subfield code="b">UNIPILB</subfield>
   <subfield code="c">SERIALS</subfield>
   <subfield code="e">20060216</subfield>
   <subfield code="h">Αλφαβητική σειρά</subfield>
   <subfield code="p">50441</subfield>
   <subfield code="q">50441</subfield>
   <subfield code="t">NOLOAN</subfield>
   <subfield code="v">τεύχ.506:(Μήνες)Νοέμ./Δεκ.;(Έτος)2005</subfield>
   <subfield code="y">23</subfield>
  </datafield>
  <datafield tag="852" ind1=" " ind2=" ">
   <subfield code="a">INST</subfield>
   <subfield code="b">UNIPILB</subfield>
   <subfield code="c">SERIALS</subfield>
   <subfield code="e">20060414</subfield>
   <subfield code="h">Αλφαβητική σειρά</subfield>
   <subfield code="p">51255</subfield>
   <subfield code="q">51255</subfield>
   <subfield code="t">NOLOAN</subfield>
   <subfield code="v">τεύχ.507:(Μήνες)Ιαν./Φεβ.;(Έτος)2006</subfield>
   <subfield code="y">23</subfield>
  </datafield>
  <datafield tag="852" ind1=" " ind2=" ">
   <subfield code="a">INST</subfield>
   <subfield code="b">UNIPILB</subfield>
   <subfield code="c">SERIALS</subfield>
   <subfield code="e">20060705</subfield>
   <subfield code="h">Αλφαβητική σειρά</subfield>
   <subfield code="p">51779</subfield>
   <subfield code="q">51779</subfield>
   <subfield code="t">NOLOAN</subfield>
   <subfield code="v">τεύχ.508:(Μήνες)Μάρ./Απρ.;(Έτος)2006</subfield>
   <subfield code="y">23</subfield>
  </datafield>
  <datafield tag="852" ind1=" " ind2=" ">
   <subfield code="a">INST</subfield>
   <subfield code="b">UNIPILB</subfield>
   <subfield code="c">SERIALS</subfield>
   <subfield code="e">20060904</subfield>
   <subfield code="h">Αλφαβητική σειρά</subfield>
   <subfield code="p">52578</subfield>
   <subfield code="q">52578</subfield>
   <subfield code="t">NOLOAN</subfield>
   <subfield code="v">τεύχ.509:(Μήνες)Μάιος/Ιούν.;(Έτος)2006</subfield>
   <subfield code="y">23</subfield>
  </datafield>
  <datafield tag="852" ind1=" " ind2=" ">
   <subfield code="a">INST</subfield>
   <subfield code="b">UNIPILB</subfield>
   <subfield code="c">SERIALS</subfield>
   <subfield code="e">20061030</subfield>
   <subfield code="h">Αλφαβητική σειρά</subfield>
   <subfield code="p">53324</subfield>
   <subfield code="q">53324</subfield>
   <subfield code="t">NOLOAN</subfield>
   <subfield code="v">τεύχ.510:(Μήνες)Ιούλ./Αύγ.;(Έτος)2006</subfield>
   <subfield code="y">23</subfield>
  </datafield>
  <datafield tag="852" ind1=" " ind2=" ">
   <subfield code="a">INST</subfield>
   <subfield code="b">UNIPILB</subfield>
   <subfield code="c">SERIALS</subfield>
   <subfield code="e">20061215</subfield>
   <subfield code="h">Αλφαβητική σειρά</subfield>
   <subfield code="p">53959</subfield>
   <subfield code="q">53959</subfield>
   <subfield code="t">NOLOAN</subfield>
   <subfield code="v">τεύχ.511:(Μήνες)Σεπ./Οκτ.;(Έτος)2006</subfield>
   <subfield code="y">23</subfield>
  </datafield>
  <datafield tag="852" ind1=" " ind2=" ">
   <subfield code="a">INST</subfield>
   <subfield code="b">UNIPILB</subfield>
   <subfield code="c">SERIALS</subfield>
   <subfield code="e">20070412</subfield>
   <subfield code="h">Αλφαβητική σειρά</subfield>
   <subfield code="p">55210</subfield>
   <subfield code="q">55210</subfield>
   <subfield code="t">NOLOAN</subfield>
   <subfield code="v">τεύχ.512:(Μήνες)Νοέμ./Δεκ.;(Έτος)2006</subfield>
   <subfield code="y">23</subfield>
  </datafield>
  <datafield tag="852" ind1=" " ind2=" ">
   <subfield code="a">INST</subfield>
   <subfield code="b">UNIPILB</subfield>
   <subfield code="c">SERIALS</subfield>
   <subfield code="e">20070502</subfield>
   <subfield code="h">Αλφαβητική σειρά</subfield>
   <subfield code="p">55534</subfield>
   <subfield code="q">55534</subfield>
   <subfield code="t">NOLOAN</subfield>
   <subfield code="v">τεύχ.513:(Μήνες)Ιαν./Φεβ.;(Έτος)2007</subfield>
   <subfield code="y">23</subfield>
  </datafield>
  <datafield tag="852" ind1=" " ind2=" ">
   <subfield code="a">INST</subfield>
   <subfield code="b">UNIPILB</subfield>
   <subfield code="c">SERIALS</subfield>
   <subfield code="e">20070614</subfield>
   <subfield code="h">Αλφαβητική σειρά</subfield>
   <subfield code="p">55972</subfield>
   <subfield code="q">55972</subfield>
   <subfield code="t">NOLOAN</subfield>
   <subfield code="v">τεύχ.514:(Μήνες)Μάρ./Απρ.;(Έτος)2007</subfield>
   <subfield code="y">23</subfield>
  </datafield>
  <datafield tag="852" ind1=" " ind2=" ">
   <subfield code="a">INST</subfield>
   <subfield code="b">UNIPILB</subfield>
   <subfield code="c">SERIALS</subfield>
   <subfield code="e">20070823</subfield>
   <subfield code="h">Αλφαβητική σειρά</subfield>
   <subfield code="p">56492</subfield>
   <subfield code="q">56492</subfield>
   <subfield code="t">NOLOAN</subfield>
   <subfield code="v">τεύχ.515:(Μήνες)Μάιος/Ιούν.;(Έτος)2007</subfield>
   <subfield code="y">23</subfield>
  </datafield>
  <datafield tag="852" ind1=" " ind2=" ">
   <subfield code="a">INST</subfield>
   <subfield code="b">UNIPILB</subfield>
   <subfield code="c">SERIALS</subfield>
   <subfield code="e">20071010</subfield>
   <subfield code="h">Αλφαβητική σειρά</subfield>
   <subfield code="p">57516</subfield>
   <subfield code="q">57516</subfield>
   <subfield code="t">NOLOAN</subfield>
   <subfield code="v">τεύχ.516:(Μήνες)Ιούλ./Αύγ.;(Έτος)2007</subfield>
   <subfield code="y">23</subfield>
  </datafield>
  <datafield tag="852" ind1=" " ind2=" ">
   <subfield code="a">INST</subfield>
   <subfield code="b">UNIPILB</subfield>
   <subfield code="c">SERIALS</subfield>
   <subfield code="e">20071126</subfield>
   <subfield code="h">Αλφαβητική σειρά</subfield>
   <subfield code="p">58543</subfield>
   <subfield code="q">58543</subfield>
   <subfield code="t">NOLOAN</subfield>
   <subfield code="v">τεύχ.517:(Μήνες)Σεπ./Οκτ.;(Έτος)2007</subfield>
   <subfield code="y">23</subfield>
  </datafield>
  <datafield tag="852" ind1=" " ind2=" ">
   <subfield code="a">INST</subfield>
   <subfield code="b">UNIPILB</subfield>
   <subfield code="c">SERIALS</subfield>
   <subfield code="e">20080215</subfield>
   <subfield code="h">Αλφαβητική σειρά</subfield>
   <subfield code="p">59733</subfield>
   <subfield code="q">59733</subfield>
   <subfield code="t">NOLOAN</subfield>
   <subfield code="v">τεύχ.518:(Μήνες)Νοέμ./Δεκ.;(Έτος)2007</subfield>
   <subfield code="y">23</subfield>
  </datafield>
  <datafield tag="852" ind1=" " ind2=" ">
   <subfield code="a">INST</subfield>
   <subfield code="b">UNIPILB</subfield>
   <subfield code="c">SERIALS</subfield>
   <subfield code="e">20080506</subfield>
   <subfield code="h">Αλφαβητική σειρά</subfield>
   <subfield code="p">60567</subfield>
   <subfield code="q">60567</subfield>
   <subfield code="t">NOLOAN</subfield>
   <subfield code="v">τεύχ.519:(Μήνες)Ιαν./Φεβ.;(Έτος)2008</subfield>
   <subfield code="y">23</subfield>
  </datafield>
  <datafield tag="852" ind1=" " ind2=" ">
   <subfield code="a">INST</subfield>
   <subfield code="b">UNIPILB</subfield>
   <subfield code="c">SERIALS</subfield>
   <subfield code="e">20080626</subfield>
   <subfield code="h">Αλφαβητική σειρά</subfield>
   <subfield code="p">60853</subfield>
   <subfield code="q">60853</subfield>
   <subfield code="t">NOLOAN</subfield>
   <subfield code="v">τεύχ.520:(Μήνες)Μάρ./Απρ.;(Έτος)2008</subfield>
   <subfield code="y">23</subfield>
  </datafield>
  <datafield tag="852" ind1=" " ind2=" ">
   <subfield code="a">INST</subfield>
   <subfield code="b">UNIPILB</subfield>
   <subfield code="c">SERIALS</subfield>
   <subfield code="e">20080829</subfield>
   <subfield code="h">Αλφαβητική σειρά</subfield>
   <subfield code="p">61320</subfield>
   <subfield code="q">61320</subfield>
   <subfield code="t">NOLOAN</subfield>
   <subfield code="v">τεύχ.521:(Μήνες)Μάιος/Ιούν.;(Έτος)2008</subfield>
   <subfield code="y">23</subfield>
  </datafield>
  <datafield tag="852" ind1=" " ind2=" ">
   <subfield code="a">INST</subfield>
   <subfield code="b">UNIPILB</subfield>
   <subfield code="c">SERIALS</subfield>
   <subfield code="e">20081029</subfield>
   <subfield code="h">Αλφαβητική σειρά</subfield>
   <subfield code="p">61862</subfield>
   <subfield code="q">61862</subfield>
   <subfield code="t">NOLOAN</subfield>
   <subfield code="v">τεύχ.522:(Μήνες)Ιούλ./Αύγ.;(Έτος)2008</subfield>
   <subfield code="y">23</subfield>
  </datafield>
  <datafield tag="852" ind1=" " ind2=" ">
   <subfield code="a">INST</subfield>
   <subfield code="b">UNIPILB</subfield>
   <subfield code="c">SERIALS</subfield>
   <subfield code="e">20090123</subfield>
   <subfield code="h">Αλφαβητική σειρά</subfield>
   <subfield code="p">62510</subfield>
   <subfield code="q">62510</subfield>
   <subfield code="t">NOLOAN</subfield>
   <subfield code="v">τεύχ.523:(Μήνες)Σεπ./Οκτ.;(Έτος)2008</subfield>
   <subfield code="y">23</subfield>
  </datafield>
  <datafield tag="852" ind1=" " ind2=" ">
   <subfield code="a">INST</subfield>
   <subfield code="b">UNIPILB</subfield>
   <subfield code="c">SERIALS</subfield>
   <subfield code="e">20090210</subfield>
   <subfield code="h">Αλφαβητική σειρά</subfield>
   <subfield code="p">62839</subfield>
   <subfield code="q">62839</subfield>
   <subfield code="t">NOLOAN</subfield>
   <subfield code="v">τεύχ.524:(Μήνες)Νοέμ./Δεκ.;(Έτος)2008</subfield>
   <subfield code="y">23</subfield>
  </datafield>
  <datafield tag="852" ind1=" " ind2=" ">
   <subfield code="a">INST</subfield>
   <subfield code="b">UNIPILB</subfield>
   <subfield code="c">SERIALS</subfield>
   <subfield code="e">20090513</subfield>
   <subfield code="h">Αλφαβητική σειρά</subfield>
   <subfield code="p">64057</subfield>
   <subfield code="q">64057</subfield>
   <subfield code="t">NOLOAN</subfield>
   <subfield code="v">τεύχ.525:(Μήνες)Ιαν./Φεβ.;(Έτος)2009</subfield>
   <subfield code="y">23</subfield>
  </datafield>
  <datafield tag="852" ind1=" " ind2=" ">
   <subfield code="a">INST</subfield>
   <subfield code="b">UNIPILB</subfield>
   <subfield code="c">SERIALS</subfield>
   <subfield code="e">20090618</subfield>
   <subfield code="h">Αλφαβητική σειρά</subfield>
   <subfield code="p">64228</subfield>
   <subfield code="q">64228</subfield>
   <subfield code="t">NOLOAN</subfield>
   <subfield code="v">τεύχ.526:(Μήνες)Μάρ./Απρ.;(Έτος)2009</subfield>
   <subfield code="y">23</subfield>
  </datafield>
  <datafield tag="852" ind1=" " ind2=" ">
   <subfield code="a">INST</subfield>
   <subfield code="b">UNIPILB</subfield>
   <subfield code="c">SERIALS</subfield>
   <subfield code="e">20090922</subfield>
   <subfield code="h">Αλφαβητική σειρά</subfield>
   <subfield code="p">64716</subfield>
   <subfield code="q">64716</subfield>
   <subfield code="t">NOLOAN</subfield>
   <subfield code="v">τεύχ.527:(Μήνες)Μάιος/Ιούν.;(Έτος)2009</subfield>
   <subfield code="y">23</subfield>
  </datafield>
  <datafield tag="852" ind1=" " ind2=" ">
   <subfield code="a">INST</subfield>
   <subfield code="b">UNIPILB</subfield>
   <subfield code="c">SERIALS</subfield>
   <subfield code="e">20091008</subfield>
   <subfield code="h">Αλφαβητική σειρά</subfield>
   <subfield code="p">64942</subfield>
   <subfield code="q">64942</subfield>
   <subfield code="t">NOLOAN</subfield>
   <subfield code="v">τεύχ.528:(Μήνες)Ιούλ./Αύγ.;(Έτος)2009</subfield>
   <subfield code="y">23</subfield>
  </datafield>
  <datafield tag="852" ind1=" " ind2=" ">
   <subfield code="a">INST</subfield>
   <subfield code="b">UNIPILB</subfield>
   <subfield code="c">SERIALS</subfield>
   <subfield code="e">20091204</subfield>
   <subfield code="h">Αλφαβητική σειρά</subfield>
   <subfield code="p">65656</subfield>
   <subfield code="q">65656</subfield>
   <subfield code="t">NOLOAN</subfield>
   <subfield code="v">τεύχ.529:(Μήνες)Σεπ./Οκτ.;(Έτος)2009</subfield>
   <subfield code="y">23</subfield>
  </datafield>
  <datafield tag="852" ind1=" " ind2=" ">
   <subfield code="a">INST</subfield>
   <subfield code="b">UNIPILB</subfield>
   <subfield code="c">SERIALS</subfield>
   <subfield code="e">20100208</subfield>
   <subfield code="h">Αλφαβητική σειρά</subfield>
   <subfield code="p">66705</subfield>
   <subfield code="q">66705</subfield>
   <subfield code="t">NOLOAN</subfield>
   <subfield code="v">τεύχ.530:(Μήνες)Νοέμ./Δεκ.;(Έτος)2009</subfield>
   <subfield code="y">23</subfield>
  </datafield>
  <datafield tag="852" ind1=" " ind2=" ">
   <subfield code="a">INST</subfield>
   <subfield code="b">UNIPILB</subfield>
   <subfield code="c">SERIALS</subfield>
   <subfield code="e">20100521</subfield>
   <subfield code="h">Αλφαβητική σειρά</subfield>
   <subfield code="p">68182</subfield>
   <subfield code="q">68182</subfield>
   <subfield code="t">NOLOAN</subfield>
   <subfield code="v">τεύχ.531:(Μήνες)Ιαν./Φεβ.;(Έτος)2010</subfield>
   <subfield code="y">23</subfield>
  </datafield>
  <datafield tag="852" ind1=" " ind2=" ">
   <subfield code="a">INST</subfield>
   <subfield code="b">UNIPILB</subfield>
   <subfield code="c">SERIALS</subfield>
   <subfield code="e">20100610</subfield>
   <subfield code="h">Αλφαβητική σειρά</subfield>
   <subfield code="p">68325</subfield>
   <subfield code="q">68325</subfield>
   <subfield code="t">NOLOAN</subfield>
   <subfield code="v">τεύχ.532:(Μήνες)Μάρ./Απρ.;(Έτος)2010</subfield>
   <subfield code="y">23</subfield>
  </datafield>
  <datafield tag="852" ind1=" " ind2=" ">
   <subfield code="a">INST</subfield>
   <subfield code="b">UNIPILB</subfield>
   <subfield code="c">SERIALS</subfield>
   <subfield code="e">20100909</subfield>
   <subfield code="h">Αλφαβητική σειρά</subfield>
   <subfield code="p">69794</subfield>
   <subfield code="q">69794</subfield>
   <subfield code="t">NOLOAN</subfield>
   <subfield code="v">τεύχ.533:(Μήνες)Μάιος/Ιούν.;(Έτος)2010</subfield>
   <subfield code="y">23</subfield>
  </datafield>
  <datafield tag="852" ind1=" " ind2=" ">
   <subfield code="a">INST</subfield>
   <subfield code="b">UNIPILB</subfield>
   <subfield code="c">SERIALS</subfield>
   <subfield code="e">20101025</subfield>
   <subfield code="h">Αλφαβητική σειρά</subfield>
   <subfield code="p">70399</subfield>
   <subfield code="q">70399</subfield>
   <subfield code="t">NOLOAN</subfield>
   <subfield code="v">τεύχ.534:(Μήνες)Ιούλ./Αύγ.;(Έτος)2010</subfield>
   <subfield code="y">23</subfield>
  </datafield>
  <datafield tag="852" ind1=" " ind2=" ">
   <subfield code="a">INST</subfield>
   <subfield code="b">UNIPILB</subfield>
   <subfield code="c">SERIALS</subfield>
   <subfield code="e">20110201</subfield>
   <subfield code="h">Αλφαβητική σειρά</subfield>
   <subfield code="p">71032</subfield>
   <subfield code="q">71032</subfield>
   <subfield code="t">NOLOAN</subfield>
   <subfield code="v">τεύχ.535:(Μήνες)Οκτ./Νοέμ./Δεκ.;(Έτος)2010</subfield>
   <subfield code="y">23</subfield>
  </datafield>
  <datafield tag="852" ind1=" " ind2=" ">
   <subfield code="a">INST</subfield>
   <subfield code="b">UNIPILB</subfield>
   <subfield code="c">SERIALS</subfield>
   <subfield code="e">20110330</subfield>
   <subfield code="h">Αλφαβητική σειρά</subfield>
   <subfield code="p">71506</subfield>
   <subfield code="q">71506</subfield>
   <subfield code="t">NOLOAN</subfield>
   <subfield code="v">τεύχ.536:(Μήνες)Ιαν./Φεβ.;(Έτος)2011</subfield>
   <subfield code="y">23</subfield>
  </datafield>
  <datafield tag="852" ind1=" " ind2=" ">
   <subfield code="a">INST</subfield>
   <subfield code="b">UNIPILB</subfield>
   <subfield code="c">SERIALS</subfield>
   <subfield code="e">20110606</subfield>
   <subfield code="h">Αλφαβητική σειρά</subfield>
   <subfield code="p">71882</subfield>
   <subfield code="q">71882</subfield>
   <subfield code="t">NOLOAN</subfield>
   <subfield code="v">τεύχ.537:(Μήνες)Μάρ./Απρ.;(Έτος)2011</subfield>
   <subfield code="y">23</subfield>
  </datafield>
  <datafield tag="900" ind1=" " ind2=" ">
   <subfield code="a">Τχ. 538 (Μάρ./Απρ. 2011)</subfield>
   <subfield code="b">Οφειλόμενο</subfield>
   <subfield code="c">22/09/2011</subfield>
  </datafield>
  <datafield tag="950" ind1=" " ind2=" ">
   <subfield code="a">01/01/2004</subfield>
   <subfield code="c">ΔΩΡΕΑ ΠΕΡΙΟΔΙΚΩΝ</subfield>
   <subfield code="d">167</subfield>
  </datafield>
  <datafield tag="951" ind1=" " ind2=" ">
   <subfield code="a">Τχ. 537  (Μάρ./Απρ. 2011)</subfield>
   <subfield code="b">Main run</subfield>
  </datafield>
  <datafield tag="951" ind1=" " ind2=" ">
   <subfield code="a">Τχ.425 (Ιαν./Φεβ. 1992) -  (τχ.490 (Μάρ./Απρ. 2003)</subfield>
   <subfield code="b">Main run</subfield>
  </datafield>
  <datafield tag="951" ind1=" " ind2=" ">
   <subfield code="a">Τχ. 495  (Ιαν./Φεβ. 2004)</subfield>
   <subfield code="b">Main run</subfield>
  </datafield>
  <datafield tag="951" ind1=" " ind2=" ">
   <subfield code="a">Τχ. 496 (Μάρ./Απρ. 2004) - Τχ. 534 (Ιούλ./Αύγ. 2010)</subfield>
   <subfield code="b">Main run</subfield>
  </datafield>
  <datafield tag="951" ind1=" " ind2=" ">
   <subfield code="a">Τχ. 535  (Οκτ./Νοέμ./Δεκ. 2010)</subfield>
   <subfield code="b">Main run</subfield>
  </datafield>
  <datafield tag="951" ind1=" " ind2=" ">
   <subfield code="a">Τχ. 536  (Ιαν./Φεβ. 2011)</subfield>
   <subfield code="b">Main run</subfield>
  </datafield>
 </record>
</collection>
